000 00282nam a22001217a 4500
008 180605b xxu||||| |||| 00| 0 eng d
041 _aeng
080 _a043.3
100 _a0
101 _aSHKI-BA
245 _aTechnologies of Mobile Communication
_cMargilaj, M
942 _2udc
_cBK
999 _c46324
_d46324